000 00877nam a2200277 a 4500
008
020 _a0814470807 (hbk.)
049 _aMAIN
090 0 _aHD57.7
_bROT
100 1 _aRothwell, William J.
245 1 0 _aEffective succession planning :
_bensuring leadership continuity and building talent from within /
_cWilliam J. Rothwell.
250 _a2nd ed.
260 _aNew York :
_bAMACOM,
_cc2001.
300 _axxvii, 338 p. :
_bill. ;
_c26 cm.
504 _aIncludes bibliographical references.
500 _aIncludes index.
650 0 _aLeadership.
650 0 _aExecutive succession
_zUnited States.
650 0 _aExecutive ability.
650 0 _aOrganizational effectiveness.
907 _a.b10140803
_b23-04-12
_c25-11-04
003
005 20230123133853.0
040 _cNUST
942 _cBOOKS
_kHD57.7
_mROT
999 _c156048
_d156048